| 000 | 00466 a2200145 4500 | ||
|---|---|---|---|
| 020 | _a0632055723 | ||
| 082 | _a624.1821 HAY | ||
| 100 | _aHayward, Alan. | ||
| 245 |
_aSteel detailers' manual / _cAlan Hayward and Frank Weare. |
||
| 250 | _a2nd ed. / revised by Anthony Oakhill. | ||
| 260 |
_aMalden, MA : _bBlackwell Science, _c2001. |
||
| 300 |
_avi, 167 p. : _bill. ; _c30 cm. |
||
| 650 | _aSteel, Structural | ||
| 650 | _aBuilding, Iron and steel | ||
| 650 |
_aBuilding, Iron and steel _xDetails |
||
| 999 |
_c1327 _d1327 |
||